| 000 | 00481nam a2200145Ia 4500 | ||
|---|---|---|---|
| 008 | 221007s9999 xx 000 0 und d | ||
| 041 | _aeng | ||
| 082 | _bRAI | ||
| 100 |
_aRaizada Divya - 2k121121; Prof.Suvarna Dhamdhere - Guide & [Company Name] - City Corporation Limited,Pune. _9102913 |
||
| 245 | 2 | _aA Project Report On Financial Analysis Of City Corporation limited Using Ratio Analysis Tool | |
| 250 | _a2014 | ||
| 260 |
_c2014 _aPune |
||
| 300 | _a48p | ||
| 906 | _bGeneral | ||
| 999 |
_c71812 _d71812 |
||